| 000 | 00929cam a2200289 i 4500 | ||
|---|---|---|---|
| 001 | 1761388 | ||
| 003 | YEEZEN | ||
| 005 | 20241226141315.0 | ||
| 008 | 240814s2024 ch a 000 0 chi c | ||
| 020 |
_a9786267532010 _q(平裝) : _c新台幣399元 |
||
| 040 |
_aPVY _bchi _cPVY |
||
| 042 | _anbic | ||
| 090 | _a411.15 | ||
| 100 | 1 |
_a王旭亞 _4著 |
|
| 245 | 1 | 0 |
_a瑜伽療心室 : _b寫給分心、疲乏、壓力、失眠、疼痛、焦慮、憂鬱的你,體貼身心的指引練習 / _c王旭亞(Jelly Wang)著 |
| 246 | 3 | 3 |
_i英文題名: _aYoga therapy. |
| 250 | _a初版一刷 | ||
| 260 |
_a新北市 : _b幸福文化,遠足文化出版 ; _b遠足文化發行, _c2024.07 |
||
| 300 |
_a285,[1]面 : _b圖 ; _c21公分 |
||
| 490 | 1 |
_a好生活 ; _v30. |
|
| 490 | 1 |
_aLife ; _v30. |
|
| 650 | 7 |
_2lcstt _a瑜伽 |
|
| 650 | 7 |
_2lcstt _a心靈療法 |
|
| 830 | 0 |
_a好生活 ; _v30. |
|
| 830 | 0 |
_aLife ; _v30. |
|
| 942 |
_2ccl _cBOOK |
||
| 999 |
_c7624 _d7624 |
||